• 首页
  • 本馆介绍
  • 公告通知
  • 最新文献
  • 馆藏检索
  • 电子资源
  • 读者导购
  • 参考咨询
  • 我的图书馆
  • 登录
  • 详细信息显示
  • 放入我的书架
  • 预约/预借图书
  • 作者相关作品
  • 分类相关作品
  • 丛书相关作品
  • 出版社相关作品

书目信息

  • 表格格式
  • 工作单格式
  • 卡片格式
题名:
人体的构造
    
 
作者: 坂井建雄 著 ;王俊 译
分册:  
出版信息: 上海   上海世界图书出版公司  2007
页数: 260页
开本: 21cm
丛书名: 超入门系列
单 册:
中图分类: Q98-49
科图分类:
主题词: 人体科学--普及读物
电子资源:
ISBN: 978-7-5062-8872-9
000 00877oam2 2200253 450
001 1539713565
005 20150119110223.43
010    @a978-7-5062-8872-9@dCNY22.80
100    @a20070608d2007 em y0chiy50 ea
101 1  @achi@cjpn
102    @aCN@b310000
105    @aa z 000yy
200 1  @a人体的构造@9ren ti de gou zao@f(日)坂井建雄著@g王俊译
210    @a上海@c上海世界图书出版公司@d2007
215    @a260页@c图@d21cm
225 2  @a超入门系列
330    @a本书以解剖学上肉眼可见的身体构造、组织学上的微观构造、生理学上的身体机能以及作为土壤的医学的历史为基础,把人体的全面结构归纳为非专业人员也能轻松理解的形式。
461  0 @12001 @a超入门系列
606 0  @a人体科学@j普及读物
690    @aQ98-49@v5
701  0 @c(日)@a坂井建雄@9ban jing jian xiong@4著
702  0 @a王俊@9wang jun@c(日语翻译)@4译
801  0 @aCN@bTSSF@c20150119
905    @aZUCC@dQ98-49@eJY22
    
    人体的构造/(日)坂井建雄著/王俊译.-上海:上海世界图书出版公司,2007
    260页:图;21cm.-(超入门系列)
    
    
    ISBN 978-7-5062-8872-9:CNY22.80
    本书以解剖学上肉眼可见的身体构造、组织学上的微观构造、生理学上的身体机能以及作为土壤的医学的历史为基础,把人体的全面结构归纳为非专业人员也能轻松理解的形式。
●
相关链接 在E读中查询图书 在五车中查询图书 在当当中查询图书 在豆瓣中查询图书


正题名:人体的构造     索取号:Q98-49/JY22         预约/预借

序号 登录号 条形码 馆藏地/架位号 状态 备注
1 7848143   278481439   学院路分馆/ [索取号:Q98-49/JY22] 在馆    
2 7848144   278481448   学院路分馆/ [索取号:Q98-49/JY22] 在馆    
唐山师范学院图书馆 欢迎您!
大连网信软件有限公司© 版权所有